000
00213 a2200109 4500
020
_a
9781575420684
041
_a
eng
100
_a
Gerrshen Kaufman
245
_a
Stick up for yourself
942
_c
BK
952
_7
1
999
_c
18770
_d
18770